| 000 | 00552nam a2200169 a 4500 | ||
|---|---|---|---|
| 001 | 000038969 | ||
| 005 | 20240710123701.0 | ||
| 008 | 130509s2004 dr a 000 0 spa d | ||
| 020 | _a9945000020 | ||
| 040 |
_aDO-SdBNP _bspa _cBNPHU |
||
| 100 | 1 |
_aMartínez Almanzar, Juan Francisco _d1950 - _910459 |
|
| 245 | 1 | 0 |
_aEnriquillo idolo de barro / _cJuan Francisco Martínez Almánzar. |
| 260 |
_aSanto Domingo : _bEditora 9, _c2004. |
||
| 300 |
_axxxxv, 278 p. : _bils. ; _c22 cm. |
||
| 500 | _aIncluye notas al pie de las páginas | ||
| 504 | _aBibliografía | ||
| 999 |
_c38459 _d38459 |
||